Die Bevölkerungsbewegung von 1787 bis 1941 im Neuroder Land
| Titel: | Die Bevölkerungsbewegung von 1787 bis 1941 im Neuroder Land |
|---|---|
| Verfasser: | |
| In: |
Grofschoaftersch Häämtebärnla, Band 42 (1990), Seite 67-68, tab. 1 alle Artikel anzeigen |
| Veröffentlicht: | 1990 |
| Format: | Aufsatz |
| Sprache: | Deutsch |
X
alg: 39451639 001A $01999:12-11-16 001B $01999:01-06-17 $t17:51:13.000 001D $01999:12-11-16 001U $0utf8 001X $00 002@ $0Aox 003@ $0394516397 007A $0394516397 $aHEB 007T $0Herdww016438 010@ $ager 011@ $a1990 021A $aDie @Bevölkerungsbewegung von 1787 bis 1941 im Neuroder Land 028A $aSindermann $dEdmund 031A $d42 $h67-68, tab. 1 $j1990 039B $aIn $8--Abvc--. Grofschoaftersch Häämtebärnla. - Lüdenscheid : Zentralstelle Grafschaft Glatz/Schlesien e.V., 1956-[2019] $x199000000420000933 $9047864346 045T $a7,41 $a8,1 lok: 39451639 78 exp: 39451639 78 1 #EPN 201B/01 $018-11-16 $t11:51:39.000 201U/01 $0utf8 203@/01 $0790626829 208@/01 $a12-11-16 $be 209A/01 $a/ $f000 $x00 220C/01 $aTitelaufnehmer: KS 220C/01 $aHerkunft: IH UWr 244Z/01 $2Trx $#Silesia $#Śląsk $#Sliezsko $#Slezsko $8--Trx--Schlesien $x01 $9391173987 244Z/01 $2Trx $#Neurode Glatz $#Neuroder Land $#Ziemia Nowarudzka $8--Trx--Nowa Ruda$gKłodzko, ziemia $x02 $9391217631 244Z/01 $aGeschichte 1787-1941 $x03 244Z/01 $2Trx $#demograafia teaduslik $#demografija mokslas $#demography $#demográfia tudomány $#demografia nauka $#demografia náuka $#demografie nauka $8--Trx--Demographie$gWissenschaft $x04 $9391358634 244Z/01 $2Trx $#rahvastik liikumine ja struktuur $#gyventojai $#population migration, social stratification of the population $#népesség mozgalom és struktúra $#ludność ruch naturalny i struktura $#obyvateľstvo pohyb a štruktúra obyvateľstva $#obyvatelstvo pohyb a struktura obyvatelstva $#Sozialstruktur $#struktura społeczna $8--Trx--Bevölkerung$gBewegung und Struktur $x05 $9391372521 244Z/01 $2Trx $8--Trx--Zeitschriftenaufsatz $x06 $9391384341 247C/01 $82080>Marburg/Lahn, Herder-Institut, Forschungsbibliothek, Bibliographieportal $9336309341
| LEADER | 00000caa a22000002c 4500 | ||
|---|---|---|---|
| 001 | 394516397 | ||
| 003 | DE-603 | ||
| 005 | 20170601175113.0 | ||
| 007 | tu | ||
| 008 | 161112s1990 xx |||| | u00||u|ger c | ||
| 035 | |a (DE-599)HEB394516397 | ||
| 040 | |a DE-603 |b ger |c DE-603 |d DE-603 | ||
| 041 | |a ger | ||
| 084 | |a 7,41 |a 8,1 |2 ssgn | ||
| 100 | 1 | |a Sindermann, Edmund | |
| 245 | 0 | 0 | |a Die Bevölkerungsbewegung von 1787 bis 1941 im Neuroder Land |
| 264 | 0 | |c 1990 | |
| 773 | 0 | 8 | |i In |t Grofschoaftersch Häämtebärnla |d Lüdenscheid : Zentralstelle Grafschaft Glatz/Schlesien e.V., 1956-[2019] |g Band 42 (1990), Seite 67-68, tab. 1 |w (DE-603)047864346 |w (DE-600)558553-3 |
| 924 | 0 | |9 2080 |a (DE-603)790626829 |b DE-2080 |c HES |d d |g / | |


